000 00361nam a22001577a 4500
020 _a81-7556-721-X
082 _a547
_bGUR/O
100 _aGURTU
100 _aKHERA
245 _aORGANIC CHEMISTRY
_bVOL II
250 _aSEVENTEETH EDITION
260 _aMEERUT
_bPRAGATI PRAKASHAN
_c2004
300 _a408
650 _aCHEMISTRY REFERENCE
_zINDIA
942 _cBK
999 _c1477
_d1477